000 00542nam a2200145Ia 4500
008 151213s9999 xx 000 0 und d
100 _aসোলায়মান আহসান।
245 _aকৃষ্ণধর প্রত্যুষের
_cসোলায়মান আহসান।
260 _aঢাকা
_bবাংলা সাহিত্য পরিষদ।
_c1991
300 _a8744 p.
650 _aBangla
650 _aকবিতা
700 _aসোলায়মান আহসান।
999 _c4529
_d4529